Los Príncipes de España en la Biblioteca de Catalunya
Publicado:
San Jorge, núm. 95 (juny 1975), pàg 112 :
MARC
| LEADER | 00000nam a2200000Ia 4500 | ||
|---|---|---|---|
| 008 | 160829s9999 xx 000 0 cat d | ||
| 245 | |a Los Príncipes de España en la Biblioteca de Catalunya | ||
| 260 | |a San Jorge, núm. 95 (juny 1975), pàg 112 | ||
| 600 | 0 | 0 | |a Joan Carles |b I, |c rei d'Espanya, |d 1938- |9 54272 |
| 600 | 0 | 0 | |a Sofia, |c reina, consort de Joan Carles I, rei d'Espanya, |d 1938- |9 54273 |
| 610 | 1 | 0 | |a Biblioteca de Catalunya |9 52741 |
| 650 | 0 | |a Visites oficials |z Barcelona (Catalunya) |9 31008 | |
| 651 | 0 | |a Espanya |x Reis i sobirans |9 54042 | |
| 901 | |a Arxiu | ||
| 942 | |n 1 |2 udc | ||
| 952 | |0 0 |1 0 |4 0 |7 1 |9 50451 |a Arxiu |b Arxiu |d 2016-12-01 |l 0 |r 2016-12-01 00:00:00 |w 2016-12-01 |y ARXIU | ||
| 999 | |c 54293 |d 54293 | ||